banner koha

Estimativa do uso de agrotoxicos em cinco municipios das bacias hidrograficas dos rios Piracicaba, Capivari e Jundiai - 1994 (Registro n. 289763)

MARC details
000 -LÍDER
campo de controle de tamanho fixo 01088nac a22003017a 4500
001 - NÚMERO DE CONTROLE
campo de controle BR9902004
003 - IDENTIFICADOR DO NÚMERO DE CONTROLE
campo de controle BR-BrBNA
005 - DATA E HORÁRIO DA ÚLTIMA TRANSAÇÃO
campo de controle 20240105122211.0
008 - CAMPO DE DADOS FIXOS--INFORMAÇÃO GERAL
campo de controle de tamanho fixo 230509b bl.|||m| |||| 00| 0 por d
040 ## - FONTE DA CATALOGAÇÃO
Instituição da catalogação original BR-BrBNA
Idioma da catalogação por
Instituição que transcreveu o registro Biblioteca Nacional de Agricultura
072 ## - CÓDIGO DE CATEGORIA DE ASSUNTO
Código de Categoria de Assunto H01
090 ## - NÚMERO DE CHAMADA LOCAL
Número de chamada H01 BR9902004
100 1# - ENTRADA PRINCIPAL--NOME PESSOAL
Nome pessoal Luiz, A.J.B.
100 1# - ENTRADA PRINCIPAL--NOME PESSOAL
Nome pessoal Neves, M.C.
100 1# - ENTRADA PRINCIPAL--NOME PESSOAL
Nome pessoal Spadotto, C.A.
110 1# - ENTRADA PRINCIPAL--NOME CORPORATIVO
Nome corporativo ou nome da jurisdição Centro Nacional de Pesquisa de Monitoramento e Avaliacao de Impacto Ambiental, Jaguariuna, SP (Brasil)
9 (RLIN) 1791
245 1# - TÍTULO
Título Estimativa do uso de agrotoxicos em cinco municipios das bacias hidrograficas dos rios Piracicaba, Capivari e Jundiai - 1994
260 3# - PUBLICAÇÃO, DISTRIBUIÇÃO, ETC.
Local de publicação, distribuição, etc. Jaguariuna, SP (Brasil):
Data da publicação, distribuição, etc. 1997.
300 ## - DESCRIÇÃO FÍSICA
Extensão 5 p.
490 ## - TÍTULO DA SÉRIE
Título da série Comunicado Tecnico - Centro Nacional de Pesquisa de Monitoramento e Avaliacao de Impacto Ambiental (Brazil)
Número do volume ou designação sequencial da série no. 1
ISSN - International Standard Serial Number ISSN 0100-6061
650 ## - ASSUNTO--TERMO TÓPICO
Cabeçalho tópico ou nome geográfico Bacia Hidrografica
650 ## - ASSUNTO--TERMO TÓPICO
Cabeçalho tópico ou nome geográfico Agrotoxico
650 ## - ASSUNTO--TERMO TÓPICO
Cabeçalho tópico ou nome geográfico Rio
650 ## - ASSUNTO--TERMO TÓPICO
Cabeçalho tópico ou nome geográfico Sao Paulo
650 ## - ASSUNTO--TERMO TÓPICO
Cabeçalho tópico ou nome geográfico Defesa Vegetal
909 ## -
-- 202312
-- Lúcia Elande
-- 55
-- Lúcia Elande
942 ## - ELEMENTOS DE ENTRADA ADICIONADOS (KOHA)
Fonte da classificação ou esquema de arquivamento na estante Classificação AGRIS
Ocultar no OPAC Não
Tipo de material Koha Monografia Seriada
Exemplares
Situação do descarte Fonte da classificação ou esquema de arquivamento na estante Situação física Não pode ser emprestado Coleção Biblioteca de origem Biblioteca atual Localização na estante Total de empréstimos Número de telefone completo Código de barras Data de último acesso Tipo de material Koha Fonte de aquisição
  Classificação AGRIS       Biblioteca Nacional de Agricultura - Binagri Biblioteca Nacional de Agricultura - Binagri Agrobase - Acervo Geral   H01 BR9902004 H01 BR9902004 18/12/2023 Monografia Seriada Portaria Interministerial nº 164/94

BINAGRI

Telefone: (61)3218-2567/2388/3357/2097 - binagri@agro.gov.br

Ministério da Agricultura e Pecuária , Esplanada dos Ministérios, Bloco D, Anexo B, Brasília/DF, CEP: 70.043-900